Les grands salons littéraires, XVIIe et XVIIIe siècles : Conférences du Musée Carnavalet (1927) / (Record no. 187511)

MARC details
000 -LEADER
campo de control de longitud fija 01348nam a2200301 i 4500
001 - NÚMERO DE CONTROL
campo de control 187511
003 - IDENTIFICADOR DE NÚMERO DE CONTROL
campo de control ES-MaACL
005 - FECHA Y HORA DE LA ÚLTIMA TRANSACCIÓN
campo de control 20230906222940.0
008 - DATOS DE LONGITUD FIJA--INFORMACIÓN GENERAL
campo de control de longitud fija 171020s1928 fr |||| | fre d
245 00 - MENCIÓN DEL TÍTULO
Título Les grands salons littéraires, XVIIe et XVIIIe siècles : Conférences du Musée Carnavalet (1927) /
Mención de responsabilidad, etc. introd. de Louis Gillet.
260 ## - PUBLICACIÓN, DISTRIBUCIÓN, ETC.
Lugar de publicación, distribución, etc. Paris :
Nombre del editor, distribuidor, etc. Payot,
Fecha de publicación, distribución, etc. 1928.
300 ## - DESCRIPCIÓN FÍSICA
Extensión 176 p., 16 h. de lám. ;
Dimensiones 20 cm.
490 1# - MENCIÓN DE SERIE
Mención de serie Conférences du Musée Carnavalet
505 8# - NOTA DE CONTENIDO CON FORMATO
Nota de contenido con formato Contiene: Le Salon de la Marquise de Rambouillet / par Louis Batiffol ; Madame de la Sablière / par André Hallays ; Madame de Tencin / par Paul Reboux ; Madame Geoffrin / par Nozière ; Madame du Deffand / par André Bellessort
651 #4 - PUNTO DE ACCESO ADICIONAL DE MATERIA--NOMBRE GEOGRÁFICO
Nombre geográfico Paris-
Subdivisión general Usos y costumbres-
Subdivisión cronológica S.XVIII.
9 (RLIN) 147652
651 #4 - PUNTO DE ACCESO ADICIONAL DE MATERIA--NOMBRE GEOGRÁFICO
Nombre geográfico Paris-
Subdivisión general Usos y costumbres-
Subdivisión cronológica S.XVII.
9 (RLIN) 163735
651 #4 - PUNTO DE ACCESO ADICIONAL DE MATERIA--NOMBRE GEOGRÁFICO
Nombre geográfico Paris-
Subdivisión general Vida intelectual-
Subdivisión cronológica S.XVII-
Subdivisión de forma .
9 (RLIN) 163736
651 #4 - PUNTO DE ACCESO ADICIONAL DE MATERIA--NOMBRE GEOGRÁFICO
Nombre geográfico Paris-
Subdivisión general Vida intelectual-
Subdivisión cronológica S.XVIII.
9 (RLIN) 163737
700 0# - ENTRADA AGREGADA--NOMBRE PERSONAL
Nombre de persona Batiffol, Louis.
9 (RLIN) 26424
700 1# - ENTRADA AGREGADA--NOMBRE PERSONAL
Nombre de persona Hallays, André (
Fechas asociadas al nombre 1859-1930)
9 (RLIN) 61583
700 0# - ENTRADA AGREGADA--NOMBRE PERSONAL
Nombre de persona Reboux, Paul.
9 (RLIN) 95728
700 1# - ENTRADA AGREGADA--NOMBRE PERSONAL
Nombre de persona Nozière, Fernand (
Fechas asociadas al nombre 1874-1931)
9 (RLIN) 163733
700 0# - ENTRADA AGREGADA--NOMBRE PERSONAL
Nombre de persona Gillet, Louis.
9 (RLIN) 56970
710 2# - ENTRADA AGREGADA--NOMBRE DE ENTIDAD CORPORATIVA
Nombre de entidad corporativa o nombre de jurisdicción como elemento de entrada Musée Carnavalet (Paris)
9 (RLIN) 163734
830 0# - PUNTO DE ACCESO ADICIONAL DE SERIE-TÍTULO UNIFORME
Título uniforme Conférences du Musée Carnavalet
9 (RLIN) 192790
852 ## - LOCALIZACIÓN
Ubicación ES-MaACL
Número de control de estantería A-2813
Holdings
Estatus retirado Estado de pérdida Estado de daño No para préstamo Biblioteca de origen Biblioteca actual Ubicación en estantería Fecha de adquisición Fuente de adquisición Total de préstamos Signatura topográfica completa Código de barras Visto por última vez Precio de reemplazo Tipo de ítem Koha
        Biblioteca del Ateneo de Madrid Biblioteca del Ateneo de Madrid Sala Pecera Planta 1 20/10/2017     A-2813 1198034 23/02/2023 23/02/2023 Libro impreso